The fall of the dynasties: the colapsed of the old order, 1905-1922

محفوظ في:
التفاصيل البيبلوغرافية
المؤلف الرئيسي: Taylor, Edmond (مؤلف)
التنسيق: كتاب
اللغة:الإنجليزية
منشور في: Nueva York, USA Doubleday 1963
سلاسل:The Mainstream of the Modern World
الموضوعات:
الوسوم: إضافة وسم
لا توجد وسوم, كن أول من يضع وسما على هذه التسجيلة!

MARC

LEADER 00000nam a2200000 a 4500
001 UCO0329
003 CL-VaPUC
005 20211020074436.0
008 000420e19630000US |||||||||||||||||eng|d
999 |c 287040  |d 287038 
040 |c Pontificia Universidad Católica de Valparaíso 
082 0 4 |a 940.288 TAY 1963  |2 21 
100 0 |a Taylor, Edmond  |e author  |9 441528 
245 1 4 |a The fall of the dynasties:  |b  the colapsed of the old order, 1905-1922 
260 |a Nueva York, USA  |b Doubleday  |c 1963 
300 |a 418 páginas 
490 0 |a The Mainstream of the Modern World 
583 |a last modification  |c 20000420 00:00:00  |k Rodrigo Vera 
650 0 |a Historia de Europa  |9 392003 
650 0 |a Historia contemporánea  |z EUROPA  |9 343224 
650 0 |a Diplomacia  |z EUROPA  |9 256483 
650 0 |a Relaciones Internacionales  |z EUROPA  |9 255740 
942 |c BK  |2 ddc 
945 |d 20000420 00:00:00  |a rherrera 
952 |0 0  |1 0  |2 ddc  |4 0  |6 940_288000000000000_TAY_1963  |7 0  |8 A  |9 333430  |a BIBHIS  |b BIBHIS  |d 2019-11-20  |i 126477K  |o 940.288 TAY 1963  |p 126477K  |r 2025-01-20  |t 1  |w 2019-11-20  |y BK  |k HIS